| 000 | 02218cam a2200325 4500 | ||
|---|---|---|---|
| 001 | L137366 | ||
| 002 | 16546 | ||
| 008 | 070330s2007 xxko f f 000 0 eng d | ||
| 020 | _a9781842193211 | ||
| 035 | _a(Sirsi) u137366 | ||
| 041 | 0 | _aeng | |
| 050 | 0 | 4 | _a725.54 $2 18 |
| 100 | 1 | _aRatcliff, Mark | |
| 245 | 0 | 0 |
_aAccess and the DDA _ba surveyor's handbook |
| 260 |
_aCoventry _bRICS Books _c2007 |
||
| 300 |
_avi, 131p. _bill. _c30cm. |
||
| 350 | _a39.95 | ||
| 505 | 2 | _aDisability and the DDA -- Surveyors, the DDA and access consultancy services -- Legislation -- Terms of reference under the DDA -- Part III duties and the Disability Equality Duty -- Education provisions under the DDA -- Employment, trade organisations and qualification bodies (Part II) -- Transport provisions under the DDA -- Landlord and tenant -- The Building Regulations (Part M) and the DDA -- Access statements (planning and building control) -- Housing -- Access and historic buildings -- Emergency egress and evacuation -- Access audits and reviews -- Post audit stages: reviewing, preparing and implementation -- Access-related costs | |
| 520 | _aWritten primarily for building surveyors, this handbook provides practical advice on interpreting, understanding and applying the requirements of the Disability Discrimination Act 1995 (DDA) (as amended by the Special Educational Needs and Disability Act 2001 and the Disability Discrimination Act 2005). Focuses mainly on property aspects relating to the DDA , such as compliance with Approved Document M, access statements, and accessible housing. Also provides an access audit checklist with illustrations and diagrams. Bibliography. | ||
| 520 | _aWithdrawn December 2011. | ||
| 590 | _aKA | ||
| 650 | 2 | 4 | _aDISABILITY DISCRIMINATION ACT 1995 |
| 650 | 2 | 4 | _aDISABILITY DISCRIMINATION ACT 2005 |
| 650 | 2 | 4 | _aSPECIAL EDUCATIONAL NEEDS AND DISABILITY ACT 2001 |
| 650 | 2 | 4 | _aBUILDING REGULATIONS 2000 APPROVED DOCUMENT M (2004 EDITION) |
| 651 | 4 |
_aUnited Kingdom _y |
|
| 690 | _aMANAGEMENT-BUSINESS MANAGEMENT-DISCRIMINATION-DISABILITY DISCRIMINATION-ACCESSIBILITY | ||
| 690 | _aBUILT ENVIRONMENT-BUILDING MAINTENANCE AND REFURBISHMENT-BUILDING ADAPTATION | ||
| 942 | _n0 | ||
| 999 |
_c106751 _d106751 |
||